[Event "Independence Cup A"]
[Site "Kyiv UKR"]
[Date "2006.08.23"]
[Round "11"]
[White "Sergeev,Vl"]
[Black "Kharchenko,B"]
[Result "1-0"]
[WhiteElo "2489"]
[BlackElo "2363"]

1.Nf3 d5 2.g3 c5 3.c4 dxc4 4.Na3 Nc6 5.Nxc4 f6 6.Bg2 e5 7.O-O Nge7 8.b3 Nf5
9.Bb2 Be7 10.e3 O-O 11.Qe2 Rb8 12.Rfd1 b5 13.Na3 Qb6 14.Nc2 e4 15.Nfe1 Nd6
16.d3 Bf5 17.dxe4 Bxe4 18.f3 Bg6 19.Nd3 Bf7 20.Nf4 Rfd8 21.Nd5 Bxd5 22.Rxd5 Nf7
23.f4 Bf8 24.Rad1 Rxd5 25.Bxd5 Ne7 26.Bf3 a6 27.Kg2 Rd8 28.h4 Rxd1 29.Qxd1 Qd6
30.Qe2 Nd5 31.e4 Nxf4+ 32.gxf4 Qxf4 33.e5 Nxe5 34.Bd5+ Kh8 35.Bxe5 fxe5 36.Qf3 Be7
37.Qxf4 exf4 38.h5 g5 39.Kf3 Kg7 40.Bb7 a5 41.Na3 c4 42.Nxb5 cxb3 43.axb3 h6
44.Bc8 Kf6 45.Ke4 Bb4 46.Bg4 Bc5 47.Nc3 Ke7 48.Kd5 Bb4 49.Ne4 Kf7 50.Be6+ Kg7
51.Ke5 Be1 52.Bg4 Bb4 53.Ke6 Ba3 54.Nd2 Bb4 55.Nc4 Bc3 56.Nd6 Bb4 57.Nf5+ Kh7
58.Kf7 Bc5 59.Ng7 Bb4 60.Ne8 Bc5 61.Nf6+ Kh8 62.Kg6 Bd4 63.Ne4  1-0

[Event "6th Open"]
[Site "Velika Gorica CRO"]
[Date "2006.08.23"]
[Round "6"]
[White "Matic,Z"]
[Black "Doric,N"]
[Result "1/2-1/2"]
[WhiteElo "2187"]
[BlackElo "2310"]

1.Nf3 d5 2.g3 c6 3.Bg2 Bg4 4.c4 Nd7 5.cxd5 cxd5 6.Qa4 Nf6 7.Ne5 Qc7 8.Nd3 Bf5
9.O-O Bxd3 10.exd3 e6 11.Nc3 Be7 12.d4 O-O 13.d3 Qb6 14.Re1 Qb4 15.Qxb4 Bxb4
16.Bd2 Rfc8 17.a3 Bf8 18.h3 a6 19.f4 g6 20.g4 Bg7 21.Be3 Ne8 22.f5 Nd6 23.fxe6 fxe6
24.Bf2 Re8  1/2-1/2

[Event "XXVI Open A"]
[Site "Bratto ITA"]
[Date "2006.08.24"]
[Round "6"]
[White "Isonzo,D"]
[Black "Schuurman,P"]
[Result "1/2-1/2"]
[WhiteElo "2361"]
[BlackElo "2219"]

1.Nf3 d5 2.g3 c6 3.Bg2 Nd7 4.d4 Ngf6 5.O-O e6 6.Nbd2 Bd6 7.Re1 O-O 8.c3 e5
9.e4 dxe4 10.Nxe4 Nxe4 11.Rxe4 exd4 12.Nxd4 Nf6 13.Re1 Bc5 14.Nb3 Qxd1 15.Rxd1 Bb6
16.h3 Bf5 17.Nd4 Be4 18.Bg5 Bxg2 19.Kxg2 Ne4 20.Be3 Rad8 21.a4 Bc5 22.a5 a6
23.Nf5 Bxe3 24.Nxe3 g6 25.Nc4 Kg7 26.Rxd8 Rxd8 27.Re1 Re8 28.Re3 f5 29.h4 Kf6
30.Rd3 Ke7 31.Re3 Kf6 32.Rd3 Ke7 33.Re3 Kf6 34.Rd3 Ke7 35.f3 Nf6 36.Re3+ Kd8
37.Kf2 Rxe3 38.Kxe3 Ke7 39.Nb6 Kd6 40.Kd4 h6 41.Nc4+ Ke6 42.Ne3 g5 43.hxg5 hxg5
44.c4 Nd7 45.f4 c5+ 46.Kc3 gxf4 47.gxf4 Nb8 48.b4 cxb4+ 49.Kxb4 Nc6+ 50.Ka4 Nd4
51.Kb4 Nc6+ 52.Ka4 Nd4 53.Kb4  1/2-1/2

[Event "23rd Open"]
[Site "Collado Villalba ESP"]
[Date "2006.08.24"]
[Round "6"]
[White "Ruiz,Ag"]
[Black "Estrada Martinez,C"]
[Result "0-1"]
[WhiteElo "2265"]
[BlackElo "2135"]

1.Nf3 d5 2.g3 Nf6 3.Bg2 Bf5 4.O-O e6 5.b3 h6 6.Bb2 Be7 7.d3 O-O 8.Nbd2 c5
9.e3 Nc6 10.Qe2 Qc7 11.Nh4 Bh7 12.f4 Rad8 13.a3 Nd7 14.Kh1 Bf6 15.Bxf6 Nxf6
16.g4 Ne7 17.e4 dxe4 18.dxe4 Nxg4 19.Nc4 b5 20.Qxg4 bxc4 21.Rf2 f5 22.exf5 Nxf5
23.Nf3 cxb3 24.cxb3 Rf6 25.Ne5 Ne3 26.Qe2 Nxg2 27.Kxg2 Rd4 28.Qb5 Be4+ 29.Kg1 Qd6
30.h4 Bd3 31.Qc6 Qxc6 32.Nxc6 Rdxf4 33.Rxf4 Rxf4 34.Nxa7 Rxh4 35.Rc1 Rh5
36.a4 Rg5+ 37.Kf2 h5 38.Nb5 h4 39.Nc7 Kf7 40.a5 Be4 41.Rc4 Bc6 42.b4 h3 43.b5 h2
44.Rh4 h1=Q 45.Rxh1 Bxh1 46.a6 Rg2+ 47.Ke3 Rb2 48.Kd3 Rb4 49.a7 Ke7 50.b6 Rxb6
51.Kc4 Kd7  0-1

[Event "NH Hotels"]
[Site "Amsterdam NED"]
[Date "2006.08.25"]
[Round "6"]
[White "Beliavsky,A"]
[Black "Smeets,J"]
[Result "1-0"]
[WhiteElo "2625"]
[BlackElo "2532"]

1.Nf3 d5 2.g3 c6 3.Bg2 Bg4 4.O-O Nd7 5.d3 e5 6.e4 dxe4 7.dxe4 Bc5 8.Nbd2 Ne7
9.Nc4 Qc7 10.Be3 Rd8 11.Qe1 f6 12.Bxc5 Nxc5 13.Qb4 b6 14.a4 Nb7 15.a5 b5
16.Ne3 Be6 17.c4 Qd6 18.Qc3 b4 19.Qb3 Qc5 20.Ra4 Nxa5 21.Qxb4 Qxb4 22.Rxb4 c5
23.Ra4 Nec6 24.Nd5 Rb8 25.Nc7+ Ke7 26.Nxe6 Kxe6 27.Rd1 Rhd8 28.Rd5 Nb3 29.Ra6 Rd6
30.Nh4 g6 31.Nf5  1-0

[Event "3rd Dato Arthur Tan"]
[Site "Kuala Lumpur MAS"]
[Date "2006.08.25"]
[Round "8"]
[White "Karavade,E"]
[Black "Ranola,Y"]
[Result "1-0"]
[WhiteElo "2316"]
[BlackElo "2442"]

1.Nf3 d5 2.g3 Nc6 3.d4 Bg4 4.Bg2 Qd7 5.c4 e6 6.O-O dxc4 7.Nbd2 Rd8 8.e3 b5
9.a4 a6 10.axb5 axb5 11.h3 Bf5 12.e4 Bg6 13.d5 Nb4 14.Ne5 Qd6 15.Ndxc4 bxc4
16.Qa4+ c6 17.Bf4 exd5 18.Nxg6 Qxg6 19.exd5 Nxd5 20.Bxd5 Rxd5 21.Rad1 Rxd1
22.Rxd1 f5 23.Qxc4 Be7 24.Re1 Kf8 25.Re6 Qf7 26.Qxc6 Nf6 27.Be3 Qe8 28.Qc4 Qd7
29.Ra6 Nd5 30.Ra8+ Bd8 31.Ra7 Qe6 32.Ra6 Qd7 33.Bc5+ Ne7 34.Ra7 Qd1+ 35.Kh2 Qf3
36.Qe6  1-0

[Event "3rd Dato Arthur Tan"]
[Site "Kuala Lumpur MAS"]
[Date "2006.08.25"]
[Round "8"]
[White "Prayitno,S"]
[Black "Sukandar,I"]
[Result "1-0"]
[WhiteElo "2321"]
[BlackElo "2237"]

1.Nf3 d5 2.g3 Nf6 3.Bg2 c5 4.O-O Nc6 5.d4 e6 6.c4 dxc4 7.Qa4 Bd7 8.Qxc4 Rc8
9.dxc5 Na5 10.Qc2 Bxc5 11.Nc3 O-O 12.Ne5 Bb5 13.Bg5 Bd4 14.Ng4 Qb6 15.Nxf6+ gxf6
16.Bh6 Rfe8 17.Qe4 f5 18.Qh4 Rc4 19.e4 f6 20.Rad1 Bc6 21.Qh5 Re7 22.exf5 Bxg2
23.Kxg2 Qxb2 24.Qg4+  1-0

[Event "VIII Open"]
[Site "Sants ESP"]
[Date "2006.08.25"]
[Round "1"]
[White "Giorgadze,G1"]
[Black "Vela Villares,H"]
[Result "1-0"]
[WhiteElo "2607"]
[BlackElo "2050"]

1.Nf3 d5 2.g3 Nf6 3.Bg2 Bf5 4.O-O c5 5.c4 e6 6.cxd5 exd5 7.d4 b6 8.Nc3 Be7
9.dxc5 bxc5 10.Ne5 Be6 11.Qa4+ Nbd7 12.Nc6 Qc8 13.Nxe7 Kxe7 14.Qh4 h6 15.Bxd5 g5
16.Qc4 Nb6 17.Bxe6 Nxc4 18.Bxc8 Rhxc8 19.b3 Nd6 20.Rd1 Ke6 21.Ba3 Nb7 22.Rac1 Rc6
23.Na4 Rac8 24.Rc4 a6 25.h4 Kf5 26.h5 g4 27.Bc1 Rg8 28.Kg2 Ke6 29.Bxh6 Rh8
30.Bg7 Rxh5 31.Bxf6 Kxf6 32.Rxg4 Re5 33.Nc3 Nd6 34.e4 Ke6 35.f4 Rh5 36.Rg8 f6
37.Rg7 Nf7 38.f5+ Ke7 39.Rg8 Ne5 40.Rdd8  1-0

[Event "6th Open"]
[Site "Velika Gorica CRO"]
[Date "2006.08.25"]
[Round "8"]
[White "Matic,Z"]
[Black "Bozinovic,Bog"]
[Result "1-0"]
[WhiteElo "2187"]
[BlackElo "2268"]

1.Nf3 d5 2.g3 c5 3.Bg2 Nc6 4.O-O e5 5.d3 f6 6.c4 d4 7.e3 Bg4 8.h3 Be6 9.exd4 cxd4
10.Re1 Qd7 11.Nbd2 Nh6 12.Kh2 Be7 13.Ne4 Nf7 14.a3 a5 15.b3 O-O 16.Bd2 h6
17.g4 f5 18.gxf5 Bxf5 19.Qe2 Rae8 20.b4 axb4 21.axb4 Nxb4 22.Bxb4 Bxb4 23.Reb1 Be7
24.Ra7 Nd8 25.Rb5 Qc7 26.Kh1 Qb8 27.Ra2 Ne6 28.Nxe5 Nf4 29.Qf1 Qc8 30.Rab2 Nxg2
31.Qxg2 Bxh3 32.Qg3 Bf5 33.Rxb7 Bxe4+ 34.dxe4 Bg5 35.R2b6 d3 36.Nxd3 Rxe4
37.Rc7 Qf5 38.Rbb7 Qf3+ 39.Qxf3 Rxf3 40.Rxg7+ Kf8 41.Rgd7 Re7 42.Rxe7 Bxe7
43.Ne5 Rxf2 44.Ng6+ Kf7 45.Nxe7 Rc2 46.Nc6+ Kf6 47.Na5 h5 48.Rb5 Kg6 49.c5 Kg5
50.c6+ Kg4 51.Rb4+ Kg3 52.Rc4 Rh2+ 53.Kg1 Rg2+ 54.Kf1 Rf2+ 55.Ke1 Rf8 56.c7 Rc8
57.Kf1 h4 58.Kg1 Kh3 59.Rc3+ Kg4 60.Nb7  1-0

[Event "3rd Dato Arthur Tan"]
[Site "Kuala Lumpur MAS"]
[Date "2006.08.27"]
[Round "11"]
[White "Karavade,E"]
[Black "Tirto"]
[Result "1/2-1/2"]
[WhiteElo "2316"]
[BlackElo "2418"]

1.Nf3 d5 2.g3 c5 3.Bg2 Nc6 4.d4 Nf6 5.O-O cxd4 6.Nxd4 Qb6 7.Nb3 e6 8.N1d2 Be7
9.c4 O-O 10.cxd5 exd5 11.Nf3 Bf5 12.Be3 Qc7 13.Rc1 Be4 14.Nc5 Bxc5 15.Rxc5 Ng4
16.Bd4 Qe7 17.Rc1 Rfe8 18.Qd2 Nh6 19.Bc5 Qf6 20.Bd4 Qd8 21.e3 Nf5 22.Bc3 Qb6
23.Rfd1 Rad8 24.Nd4 Nfxd4 25.Bxd4 Qc7 26.b4 a6 27.a4 Qe7 28.b5 axb5 29.axb5 Nxd4
30.Qxd4 h5 31.b6 h4 32.Rc7 Qg5 33.Rdc1 Qh5 34.Qd1 Qh6 35.Qg4 hxg3 36.hxg3 Qxb6
37.Bxe4 dxe4 38.Qf5 Qb3 39.R1c4 Qd1+ 40.Kg2 Qd5  1/2-1/2

[Event "3rd Dato Arthur Tan"]
[Site "Kuala Lumpur MAS"]
[Date "2006.08.27"]
[Round "11"]
[White "Rahman,Zia"]
[Black "Sadorra,J"]
[Result "1-0"]
[WhiteElo "2534"]
[BlackElo "2351"]

1.Nf3 d5 2.g3 e6 3.Bg2 c5 4.O-O Nc6 5.d4 Nf6 6.c4 Be7 7.dxc5 Bxc5 8.a3 O-O
9.b4 Be7 10.Bb2 Qb6 11.Nbd2 Rd8 12.Qc2 Bd7 13.e4 Rac8 14.exd5 exd5 15.c5 Qc7
16.Rfe1 Bg4 17.h3 Bxf3 18.Nxf3 Ne4 19.Nd2 f5 20.Nxe4 dxe4 21.g4 Rf8 22.gxf5 Rxf5
23.Qxe4 Rcf8 24.Re2 Bd8 25.Rd1 Qf7 26.b5 Na5 27.Qd5 Qxd5 28.Rxd5 R5f6 29.Rd3 Kh8
30.Bd5 Rf4 31.Be5 R4f5 32.Bd6 Bg5 33.Bxf8 Rxf8 34.c6 bxc6 35.bxc6 Bf4 36.Re7 Rd8
37.c7 Rf8 38.Rf7  1-0

[Event "TCh-Serbia"]
[Site "Zlatibor SCG"]
[Date "2006.08.28"]
[Round "3"]
[White "Arsovic,Z"]
[Black "Toth,Al"]
[Result "1-0"]
[WhiteElo "2441"]
[BlackElo "2280"]

1.Nf3 d5 2.g3 Nf6 3.Bg2 c6 4.c4 Bf5 5.O-O e6 6.cxd5 cxd5 7.Qb3 Qb6 8.Qxb6 axb6
9.Nc3 Nc6 10.d3 Be7 11.Nh4 Bg6 12.Be3 Nd7 13.Nxg6 hxg6 14.Bd2 O-O 15.Nb5 Bf6
16.Bc3 Bxc3 17.bxc3 Ra5 18.Rfb1 Rfa8 19.Rb2 Nc5 20.c4 dxc4 21.dxc4 Ne5 22.Nd6 Ra4
23.Rc2 Rd8 24.Nxb7 Nxb7 25.Bxb7 Rxc4 26.Rxc4 Nxc4 27.Rc1 Nd6 28.Bf3 Rc8 29.Rd1 Nc4
30.Bb7 Rc7 31.Rd8+ Kh7 32.Ba6 Ne5 33.a4 Nd7 34.Bb5 Nc5 35.Ra8 g5 36.f3 f5
37.Rb8 Ra7 38.Rxb6 e5 39.Be8 Nxa4 40.Bg6+ Kh6 41.Rc6  1-0

[Event "II Magistral"]
[Site "Guarapari BRA"]
[Date "2006.08.29"]
[Round "2"]
[White "Hernandez,Gu DOM"]
[Black "Ramon,V"]
[Result "1-0"]
[WhiteElo "2329"]
[BlackElo "2208"]

1.Nf3 d5 2.g3 Nf6 3.Bg2 c6 4.d3 Bg4 5.Nbd2 Nbd7 6.e4 dxe4 7.dxe4 Ne5 8.h3 Nxf3+
9.Bxf3 Bxf3 10.Qxf3 e5 11.Qf5 Nd7 12.Nc4 g6 13.Qf3 Bb4+ 14.c3 Be7 15.Bh6 b5
16.Ne3 Bg5 17.Bxg5 Qxg5 18.a4 bxa4 19.Rxa4 Qe7 20.O-O O-O 21.Rfa1 Nc5 22.R4a3 Rfd8
23.b4 Ne6 24.h4 h5 25.Qe2 Rd7 26.Qc4 Rc8 27.Ra6 Rcc7 28.Rxc6 Rxc6 29.Qxc6 Rd6
30.Nd5 Qd8 31.Qb7 a6 32.Rxa6 Rxa6 33.Qxa6 g5 34.Qa5 Qd6 35.Qb6 Qf8 36.hxg5 Nxg5
37.Qf6 Qg7 38.Qf5 Qh6 39.f4 exf4 40.gxf4 Ne6 41.Nf6+ Kf8 42.Nxh5 Ke7 43.e5 Kf8
44.Kf2 Ng7 45.Qc8+ Ne8 46.Qg4 Qb6+ 47.Kg2 Qe3 48.Qf3 Qd2+ 49.Kh3 Nc7 50.Nf6 Ke7
51.b5 Ne6 52.Qb7+ Kf8 53.Qb8+ Nd8 54.Qd6+  1-0

[Event "TCh-Serbia"]
[Site "Zlatibor SCG"]
[Date "2006.08.29"]
[Round "4"]
[White "Vukic,M"]
[Black "Kovacevic,A"]
[Result "1/2-1/2"]
[WhiteElo "2506"]
[BlackElo "2552"]

1.Nf3 d5 2.g3 c5 3.Bg2 Nc6 4.c4 d4 5.d3 g6 6.O-O Bg7 7.Na3 Nf6 8.Nc2 O-O
9.b4 cxb4 10.Rb1 a5 11.a3 bxa3 12.Bxa3 Re8 13.Rb5 e5 14.Nd2 Qc7 15.Qb1 Rb8
16.Qb3 Na7 17.Rb6 Nd7 18.Bd6 Qxb6 19.Qxb6 Nxb6 20.Bxb8 Nc6 21.Bc7 Na4 22.Bxc6 bxc6
23.Bxa5 Bd7 24.Rb1 Ra8 25.Nb3 e4 26.dxe4 Be6 27.Bd2 Bxc4 28.Ncxd4 c5 29.Rc1 Nb2
30.Na5 Bxd4 31.Nxc4 Nxc4 32.Rxc4 Ra2 33.e3 Rxd2  1/2-1/2

[Event "Adolfo Pedrido Mem"]
[Site "Vilagarcia de Arousa ESP"]
[Date "2006.08.30"]
[Round "6"]
[White "Rodriguez Calvo,M"]
[Black "Espineira Gonzalez,P"]
[Result "1-0"]
[WhiteElo "2123"]
[BlackElo "2213"]

1.Nf3 d5 2.g3 Nf6 3.Bg2 g6 4.O-O Bg7 5.d4 O-O 6.c4 c6 7.Nc3 Nbd7 8.cxd5 cxd5
9.Bf4 Nb6 10.Qb3 Bf5 11.a4 Nh5 12.Be3 Be6 13.Nd2 Qd7 14.a5 Nc4 15.Nxc4 dxc4
16.Qxb7 Qxb7 17.Bxb7 Rab8 18.a6 Bc8 19.Bd5 Rxb2 20.Bxc4 Bf5 21.Nb5 Rc8 22.Rfc1 Rc2
23.Rxc2 Bxc2 24.Bd3 Bxd3 25.exd3 Nf6 26.Nxa7 Ra8 27.Nc6 Nd5 28.a7 f6 29.Rb1 Kf7
30.Rb8 Nc7 31.d5 g5 32.Bb6 Nxd5 33.Rxa8 Nxb6 34.Rb8  1-0

[Event "Adolfo Pedrido Mem"]
[Site "Vilagarcia de Arousa ESP"]
[Date "2006.08.30"]
[Round "6"]
[White "Galard Agustin,T"]
[Black "Perez,Yo"]
[Result "0-1"]
[WhiteElo "1995"]
[BlackElo "2290"]

1.Nf3 d5 2.g3 c6 3.Bg2 Nf6 4.O-O Bg4 5.Ne5 Bh5 6.d4 e6 7.Nc3 Bb4 8.Nb1 Nbd7
9.c3 Be7 10.Nd3 h6 11.Nd2 c5 12.Nf4 Bg4 13.h3 Bf5 14.g4 Bh7 15.dxc5 Nxc5
16.b4 Nce4 17.Qb3 Qc7 18.Nxe4 Nxe4 19.Bxe4 Bxe4 20.Qa4+ Kf8 21.Bd2 Bd6 22.Ng2 g5
23.Rac1 h5 24.f4 hxg4 25.hxg4 gxf4 26.e3 f3 27.Nf4 Bxf4 28.exf4 Qb6+ 29.Rf2 Rh1+
30.Kxh1 Qxf2  0-1

[Event "TCh-Serbia"]
[Site "Zlatibor SCG"]
[Date "2006.08.30"]
[Round "5"]
[White "Arsovic,Z"]
[Black "Marcetic,N"]
[Result "1/2-1/2"]
[WhiteElo "2441"]
[BlackElo "2378"]

1.Nf3 d5 2.g3 c6 3.Bg2 Nf6 4.c4 Bf5 5.O-O e6 6.Qb3 Qb6 7.d3 Nbd7 8.Qc2 h6
9.b3 a5 10.a3 Bh7 11.Bb2 Be7 12.Nbd2 O-O 13.Bc3 Rfe8 14.Qb2 Bf8 15.b4 axb4
16.axb4 Rxa1 17.Rxa1 e5 18.Nxe5 Nxe5 19.Bxe5 Qxb4 20.cxd5 Qxb2 21.Bxb2 Rxe2
22.Bxf6 Rxd2 23.Be5 cxd5 24.Bxd5 Bxd3 25.Bf4 Re2 26.Ra8 Re1+ 27.Kg2 Bf1+
28.Kf3 Be2+ 29.Kg2 Bf1+ 30.Kf3 Be2+  1/2-1/2

[Event "3rd Open"]
[Site "Kalamaria GRE"]
[Date "2006.08.31"]
[Round "2"]
[White "Vijayalakshmi,S"]
[Black "Galopoulos,P"]
[Result "1-0"]
[WhiteElo "2417"]
[BlackElo "1930"]

1.Nf3 d5 2.g3 Nf6 3.Bg2 Bf5 4.O-O e6 5.d3 Be7 6.Nbd2 h6 7.b3 O-O 8.Bb2 Nbd7
9.Qe1 Bh7 10.e4 c6 11.h3 Nc5 12.e5 Ne8 13.Nd4 Qb6 14.a4 a5 15.Kh1 Nc7 16.f4 f5
17.exf6 Bxf6 18.N2f3 Bxd3 19.cxd3 Nxd3 20.Qd2 Nxb2 21.Ne5 Bxe5 22.fxe5 c5
23.Nb5 Nxa4 24.bxa4 Nxb5 25.Rfb1 Qc7 26.Rxb5 Qxe5 27.Qe1 Qxe1+ 28.Rxe1 Rfe8
29.Rxc5 Kf7 30.Rf1+ Kg6 31.Rc7 Rac8 32.Rxb7 Rb8 33.Ra7 Ra8 34.Rff7 Rxa7 35.Rxa7 Rb8
36.Rxa5 Rb1+ 37.Kh2 Rb2 38.Ra8 d4 39.a5 d3 40.a6 d2 41.Rd8 Ra2 42.a7 Rxa7
43.Rxd2 Ra4 44.Rf2 e5 45.Bc6 Rd4 46.Be8+ Kg5 47.h4+ Kg4 48.Bg6 Ra4 49.Bf5+ Kh5
50.Kh3 Ra3 51.Bg4+ Kg6 52.h5+ Kh7 53.Rf8 g5 54.Rf7+ Kg8 55.Rf6 Kg7 56.Rg6+ Kh7
57.Re6 Re3 58.Bf5+ Kg7 59.Rg6+ Kh7 60.Rxg5+ Kh8 61.Rg6 Kh7 62.Kg2 e4 63.Rg4+ Kh8
64.Rxe4 Rxe4 65.Bxe4 Kg7 66.Kf3 Kf6 67.Kf4 Ke6 68.g4 Kf6 69.Bd5 Kg7 70.Kf5 Kh8
71.Kf6 Kh7 72.Be4+ Kg8 73.Kg6 Kh8 74.Kxh6 Kg8 75.g5 Kh8 76.g6 Kg8 77.Bd5+  1-0

[Event "TCh-Serbia"]
[Site "Zlatibor SCG"]
[Date "2006.08.31"]
[Round "6"]
[White "Djuric,S"]
[Black "Certic,B"]
[Result "1-0"]
[WhiteElo "2466"]
[BlackElo "2381"]

1.g3 d5 2.Nf3 g6 3.Bg2 Bg7 4.d4 c6 5.O-O Bf5 6.Nbd2 Nf6 7.c3 Qc8 8.Re1 O-O
9.a4 Re8 10.a5 Na6 11.Ne5 c5 12.e3 Bh3 13.Bh1 Rb8 14.Qa4 Qc7 15.Qa2 Be6 16.Nd3 Bf5
17.Ne5 Rbd8 18.Bg2 Be6 19.Qa3 Bc8 20.b4 cxb4 21.cxb4 e6 22.Qb3 Nb8 23.Bb2 Nbd7
24.Rec1 Qb8 25.f4 Nxe5 26.dxe5 Nd7 27.Nf3 Nf8 28.b5 Bd7 29.Ba3 Rc8 30.Bd6 Qa8
31.Bc7 h6 32.Nd4 f5 33.b6 a6 34.Rc2 Re7 35.Rac1 Rf7 36.h3 Re8 37.Kh2 Kh7
38.Bd6 g5 39.Rc7 Ng6 40.Qb1 Kg8 41.Nxf5 exf5 42.Bxd5 Be6 43.Bxe6 Rxe6 44.Rc8+  1-0

[Event "It"]
[Site "Hereford ENG"]
[Date "2006.09.01"]
[Round "6"]
[White "McNab,C"]
[Black "Cobb,J"]
[Result "0-1"]
[WhiteElo "2433"]
[BlackElo "2370"]

1.Nf3 d5 2.g3 c5 3.Bg2 Nc6 4.d3 Nf6 5.O-O e5 6.e4 d4 7.Na3 Be7 8.Nc4 Qc7
9.a4 Bg4 10.h3 Bh5 11.Qe1 Nd7 12.Bd2 O-O-O 13.a5 Nf8 14.a6 b6 15.c3 Ne6 16.g4 Bg6
17.cxd4 exd4 18.Qc1 h5 19.g5 h4 20.Ne1 f5 21.exf5 Bxf5 22.f4 Nb4 23.Bxb4 cxb4
24.Nxb6+ Kb8 25.Nd5 Qxc1 26.Rxc1 Bd6 27.Rf2 Rc8 28.Rfc2 Nxf4 29.Rxc8+ Rxc8
30.Rxc8+ Bxc8 31.Nxf4 Bxf4 32.Nc2 Bd6 33.Kf2 Bc5 34.Kf3 Bxa6 35.Bf1 Bb7+
36.Kg4 a5 37.Kxh4 b3 38.Na1 a4 39.Be2 Ba3 40.Nxb3 axb3 41.Bd1 Bxb2 42.Bxb3 Ba6
43.Bc2 Bc8  0-1

[Event "TCh-Serbia"]
[Site "Zlatibor SCG"]
[Date "2006.09.01"]
[Round "7"]
[White "Vukic,M"]
[Black "Cabrilo,G"]
[Result "1/2-1/2"]
[WhiteElo "2506"]
[BlackElo "2461"]

1.Nf3 d5 2.g3 c6 3.Bg2 Nf6 4.b3 Bg4 5.Bb2 Nbd7 6.O-O e6 7.c4 Be7 8.d4 O-O
9.Nc3 Qa5 10.Nd2 b5 11.c5 b4 12.Na4 Qb5 13.Re1 Qb7 14.Qc1 Bf5 15.a3 a5 16.axb4 axb4
17.e4 dxe4 18.Nxe4 Nxe4 19.Bxe4 Bxe4 20.Rxe4 Nf6  1/2-1/2

[Event "TCh-Serbia"]
[Site "Zlatibor SCG"]
[Date "2006.09.01"]
[Round "7"]
[White "Tadic,B"]
[Black "Paunovic,T"]
[Result "1-0"]
[WhiteElo "2487"]
[BlackElo "2354"]

1.Nf3 d5 2.g3 g6 3.d4 Bg7 4.Bg2 Nc6 5.O-O Bg4 6.c3 Qd7 7.Re1 O-O-O 8.Nbd2 Bh3
9.Bh1 e5 10.Nxe5 Nxe5 11.dxe5 Bxe5 12.Nf3 Bg7 13.Be3 h5 14.Bd4 f6 15.a4 Kb8
16.Qb3 h4 17.Rad1 Ne7 18.e4 hxg3 19.fxg3 Bg4 20.exd5 Nf5 21.Bf2 Bf8 22.Re4 Nd6
23.Re6 Qh7 24.c4 Bxe6 25.dxe6 Be7 26.Nh4 b6 27.Qf3  1-0

[Event "It"]
[Site "Hereford ENG"]
[Date "2006.09.02"]
[Round "8"]
[White "McNab,C"]
[Black "Sowray,P"]
[Result "1/2-1/2"]
[WhiteElo "2433"]
[BlackElo "2357"]

1.Nf3 d5 2.g3 c6 3.Bg2 Nf6 4.d3 Bg4 5.h3 Bh5 6.O-O e6 7.Nbd2 Nbd7 8.b3 Bd6
9.Bb2 O-O 10.e4 Ne8 11.Qe1 Nc7 12.Nh2 f5 13.f4 Qe7 14.exf5 exf5 15.Qf2 Qe2
16.Qxe2 Bxe2 17.Rfe1 Rae8 18.Nhf3 Bc5+ 19.Bd4 Bxf3 20.Nxf3 Ne6 21.Bxc5 Ndxc5
22.b4 Na4 23.Re5 Nc3 24.a4 Nc7 25.Kf2 Rxe5 26.fxe5 Ne4+ 27.dxe4 fxe4 28.h4 exf3
29.Bh3 Kf7 30.Kxf3 Ne6 31.Ke3 Ke7 32.c3 h6 33.a5 Rd8 34.Ra2 Rf8 35.Rh2  1/2-1/2

[Event "TCh-Serbia"]
[Site "Zlatibor SCG"]
[Date "2006.09.02"]
[Round "8"]
[White "Pavlovic,Milo"]
[Black "Tadic,B"]
[Result "1/2-1/2"]
[WhiteElo "2497"]
[BlackElo "2487"]

1.Nf3 d5 2.g3 c6 3.Bg2 Bg4 4.c4 Nf6 5.O-O Nbd7 6.cxd5 cxd5 7.Nc3 e6 8.Qb3 Qb8
9.d4 a6 10.e4 dxe4 11.Ng5 Bd6 12.Ngxe4 Nxe4 13.Nxe4 O-O 14.Nxd6 Qxd6 15.Bf4 Qxd4
16.h3 Bf5 17.Rfd1 Qf6 18.Bd6 Rfe8 19.Qxb7 Ne5 20.Qc7 Rac8 21.Bxe5 Rxc7 22.Bxf6 gxf6
23.b4 Rb8 24.a3 Rb6 25.Rac1 Rc2 26.Rd8+ Kg7 27.Rxc2 Bxc2 28.Bf1 Ba4 29.Ra8 Bb5
30.Bxb5 axb5 31.Kg2 f5 32.Kf3 e5 33.Ke3 Rc6 34.Ra5 Kf6 35.Rxb5 Rc3+ 36.Ke2 Rxa3  1/2-1/2

[Event "TCh-Serbia"]
[Site "Zlatibor SCG"]
[Date "2006.09.03"]
[Round "9"]
[White "Tadic,B"]
[Black "Solak,D"]
[Result "0-1"]
[WhiteElo "2487"]
[BlackElo "2564"]

1.Nf3 d5 2.g3 c6 3.Bg2 Nf6 4.O-O Bg4 5.c4 e6 6.Qb3 Qb6 7.Qc2 Nbd7 8.d3 dxc4
9.Qxc4 Bxf3 10.Bxf3 Ne5 11.Qf4 Nxf3+ 12.Qxf3 Be7 13.Nd2 Qb5 14.Nc4 O-O 15.Rd1 Rfd8
16.Bd2 Rac8 17.Kg2 c5 18.a4 Qd7 19.Ba5 Rf8 20.Bc3 Nd5 21.e4 Nxc3 22.bxc3 b6
23.Ra2 Rfd8 24.h4 Qc7 25.h5 h6 26.Rb2 Bf6 27.Rb3 Rb8 28.Rdb1 Qd7 29.e5 Be7
30.a5 b5 31.a6 b4 32.cxb4 cxb4 33.Ra1 Rb5 34.Ra5 Rxa5 35.Nxa5 Qa4 36.Qb7 Bc5
37.d4 Bb6 38.Rf3 Qxa5 39.Qxf7+ Kh8 40.Qxe6 Bxd4 41.Qe7 Qd5  0-1

[Event "Universities"]
[Site "Istanbul TUR"]
[Date "2006.09.04"]
[Round "6"]
[White "Khotenashvili,B"]
[Black "Zarkua,D"]
[Result "1/2-1/2"]
[WhiteElo "2329"]
[BlackElo "2404"]

1.Nf3 d5 2.g3 Nf6 3.Bg2 e6 4.d4 Nbd7 5.c4 Bb4+ 6.Bd2 Be7 7.Nc3 c6 8.b3 b6
9.O-O Ba6 10.Bf4 O-O 11.Re1 Nh5 12.e3 Nxf4 13.gxf4 Rc8 14.a3 dxc4 15.Bf1 c5
16.d5 Bf6 17.Rc1 Bxc3 18.Rxc3 Qf6 19.Rc1 exd5 20.Qxd5 Qg6+ 21.Bg2 Nf6 22.Qd1 cxb3
23.Ne5 Qh5 24.Bf3 Qh3 25.Qxb3 Qe6 26.Qxe6 fxe6 27.Red1 Bb5 28.Rd6 Rfe8 29.Bg2 Rcd8
30.Rcd1 Rxd6 31.Rxd6 Kf8 32.Bh3 Ne4 33.Rxe6 Rd8 34.Bf5 Nf6 35.Kg2 c4 36.Nc6 Rd5
37.e4 Rc5 38.Nd4 c3 39.e5 Nd5 40.Kg3 Bd7 41.Bxh7 Rc4 42.Rd6 Rxd4 43.Rxd7 Nxf4
44.Rxd4 Ne2+ 45.Kf3 Nxd4+ 46.Ke3 c2 47.Kd2 Nf3+ 48.Kxc2 Nxe5 49.Bf5 Ke7 50.Kc3 Kd6
51.h4 Kc5 52.f4 Nc4 53.a4 Nd6 54.Bc2 a6 55.h5 Ne8 56.Bg6 Nf6 57.Bf7 b5 58.axb5 axb5
59.Kb3 Ne4 60.Bg6 Nf6 61.Bf7 Ng4 62.Be6 Nf6 63.Bf7 b4 64.Bg6 Nd5 65.f5 Nf6
66.Bf7 Ng4 67.Be8 Nh6 68.Bg6 Kd6 69.f6 gxf6 70.Kxb4 Ke5  1/2-1/2

[Event "59th ch-RUS 1st League"]
[Site "Tomsk RUS"]
[Date "2006.09.04"]
[Round "2"]
[White "Voitsekhovsky,S"]
[Black "Karalkin,M"]
[Result "1-0"]
[WhiteElo "2494"]
[BlackElo "2332"]

1.Nf3 d5 2.g3 c6 3.Bg2 Bg4 4.O-O Nd7 5.d3 Ngf6 6.c4 e6 7.Nc3 Be7 8.h3 Bxf3
9.exf3 O-O 10.f4 Nb6 11.b3 a5 12.Rb1 Bb4 13.Ne2 Re8 14.Bb2 Nfd7 15.Qc2 Be7
16.Rfd1 Bf6 17.Nd4 Qe7 18.Nf3 Bxb2 19.Qxb2 a4 20.Nd4 axb3 21.axb3 Qf6 22.Qc3 Ra7
23.c5 Nc8 24.Ra1 Rxa1 25.Rxa1 e5 26.fxe5 Qxe5 27.b4 b6 28.h4 g6 29.Bh3 f5
30.cxb6 Ncxb6 31.Rc1 c5 32.bxc5 Na4 33.Qb4 Naxc5 34.Nf3 Qd6 35.Bg2 Rb8 36.Qa3 Rb3
37.Qa2 Rxd3 38.Ng5 h6 39.Nh3 Ne4 40.Bxe4 fxe4 41.Nf4 Ra3 42.Rc8+ Nf8 43.Qxd5+ Qxd5
44.Nxd5 Ra6 45.Re8 Re6 46.Rxe6 Nxe6 47.Nf6+ Kg7 48.Nxe4 h5 49.f3 Nd4 50.Kf2 Nf5
51.Nc3 Kf6 52.Nd5+ Ke5 53.Ne3 Nd4 54.Nc4+ Kd5 55.Nb6+ Ke5 56.Nd7+ Ke6 57.Nc5+ Kf6
58.Ke3 Nc6 59.Kf4 Nd8 60.Nd7+ Kg7 61.Ke5 Nf7+ 62.Ke6 Nh6 63.Nf6 Nf5 64.Nxh5+ Kh6
65.Kf6 Nd4 66.Nf4 Nxf3 67.Nxg6 Nd2 68.g4 Ne4+ 69.Kf5 Nd6+ 70.Ke6 Ne4 71.Nf4 Kg7
72.g5 Nd2 73.h5 Ne4 74.Kf5 Nd6+ 75.Kg4 Ne4 76.Nd5 Nd6 77.h6+ Kg6 78.Nf4+ Kh7
79.Kh5 Ne4 80.g6+ Kh8 81.Kg4 Nd6 82.Nh5 Ne4 83.Kf4  1-0

[Event "3rd Open"]
[Site "Kalamaria GRE"]
[Date "2006.09.05"]
[Round "8"]
[White "Vijayalakshmi,S"]
[Black "Nikolaidis,I"]
[Result "1-0"]
[WhiteElo "2417"]
[BlackElo "2538"]

1.Nf3 d5 2.g3 c5 3.Bg2 g6 4.d4 cxd4 5.Nxd4 Bg7 6.O-O Nf6 7.Nc3 O-O 8.Nb3 e6
9.e4 dxe4 10.Qxd8 Rxd8 11.Bg5 h6 12.Bxf6 Bxf6 13.Nxe4 Bxb2 14.Rad1 Rxd1 15.Rxd1 Nc6
16.Nd6 Ba3 17.c4 a5 18.Bxc6 bxc6 19.Nxc8 Rxc8 20.Nxa5 Bb4 21.Nb7 Be7 22.a4 Kf8
23.a5 Ke8 24.a6 Ra8 25.Ra1 Kd7 26.c5 e5 27.Kf1 e4 28.Ke2 Ke6 29.Kd1 Kd5 30.Kc2 Bf6
31.Ra2 Ra7 32.Kb3 Be5 33.Kb4 Ra8 34.Rd2+ Ke6 35.Nd8+ Kf6 36.Nxc6 Rxa6 37.Nxe5 Kxe5
38.Kb5 Ra1 39.c6 Rb1+ 40.Ka6 Rc1 41.Kb7 Rb1+ 42.Kc8 Ke6 43.c7 Ke7 44.Rd7+ Ke8
45.Rd2 Ke7 46.Ra2 f5 47.Ra7 Rb2 48.Rb7  1-0

[Event "59th ch-RUS 1st League"]
[Site "Tomsk RUS"]
[Date "2006.09.05"]
[Round "3"]
[White "Ionov,S"]
[Black "Kobalia,M"]
[Result "1/2-1/2"]
[WhiteElo "2517"]
[BlackElo "2647"]

1.Nf3 d5 2.g3 Bg4 3.Bg2 Nd7 4.c4 e6 5.cxd5 exd5 6.O-O Ngf6 7.d3 Bd6 8.Qc2 O-O
9.Nc3 c6 10.e4 Re8 11.h3 Bxf3 12.Bxf3 Nb6 13.Bg2 Bf8 14.b3 Bc5 15.Ne2 Bd6
16.Bb2 Qe7 17.Nd4 g6 18.Rae1 dxe4 19.dxe4 Nfd7 20.f4 Bb4 21.Rd1 Nf6 22.e5 Nfd5
23.Qc1 Qc5 24.Rd3  1/2-1/2

[Event "Open A"]
[Site "Trieste ITA"]
[Date "2006.09.05"]
[Round "5"]
[White "Tratar,M"]
[Black "Korneev,O"]
[Result "1/2-1/2"]
[WhiteElo "2503"]
[BlackElo "2638"]

1.Nf3 d5 2.g3 Bg4 3.Bg2 Nd7 4.O-O Ngf6 5.d3 e5 6.c4 dxc4 7.dxc4 Bc5 8.Nc3 c6
9.Qc2 O-O 10.Na4 Bd4 11.Rd1 Bxf3 12.Bxf3 Qe7 13.Bg5 h6 14.Bxf6 Nxf6 15.c5 Rfd8
16.e3 e4 17.Bg2 Be5 18.Rxd8+ Rxd8 19.Rd1 Rd5 20.b4 Qd7 21.Rxd5 Qxd5 22.Bf1 h5  1/2-1/2